000 00561nam a2200193Ia 4500
005 20260114185750.0
008 008 260114s9999 xx 000 0 eng d
020 _a9781350051171
037 _aEBOOK
040 _aCRL
_beng
_cCRL
041 _aeng
_2eng
084 _qCRL
100 _aChristopher Breward and Juliette MacDonald
_9874138
245 0 _aStyling Shanghai
260 _bBloomsbury
_c2020
856 _uhttps://doi.org/10.5040/9781350051171?locatt=label:secondary_bloomsburyCollections
942 _cEBOOK
999 _c1473074
_d1473074